书目信息 |
| 题名: |
烯烃配位聚合理论与实践
|
|
| 作者: | 焦书科 编著 | |
| 分册: | ||
| 出版信息: | 北京 化学工业出版社 2013 |
|
| 页数: | 331页 | |
| 开本: | 26cm | |
| 丛书名: | ||
| 单 册: | ||
| 中图分类: | O632.1 | |
| 科图分类: | ||
| 主题词: | 烯烃--配位聚合--研究生--教材 , 烯烃 , 配位聚合 | |
| 电子资源: | ||
| ISBN: | 978-7-122-12943-7 | |
| 000 | 00893nam0 2200277 45 | |
| 001 | 311902 | |
| 005 | 20130606163158.50 | |
| 010 | @a978-7-122-12943-7@dCNY48.00 | |
| 100 | @a20130606d2013 em y0chiy50 ea | |
| 101 | 0 | @achi |
| 102 | @aCN@b110000 | |
| 105 | @aa z 000yy | |
| 106 | @ar | |
| 200 | 1 | @a烯烃配位聚合理论与实践@AXi Ting Pei Wei Ju He Li Lun Yu Shi Jian@f焦书科编著@FJiao Shu Ke Bian Zhu |
| 205 | @a2版 | |
| 210 | @a北京@c化学工业出版社@d2013 | |
| 215 | @a331页@c图@d26cm | |
| 300 | @a研究生规划教材 | |
| 330 | @a本书以Ziegler-Natta催化剂的发现、发展和演进为主线,全面系统地论述了a-烯烃、二烯烃和环烯烃的配位聚合理论和聚合方法的发展和现状。 | |
| 606 | 0 | @a烯烃@x配位聚合@x研究生@j教材 |
| 606 | 0 | @a烯烃 |
| 606 | 0 | @a配位聚合 |
| 690 | @aO632.1@v5 | |
| 701 | 0 | @a焦书科@AJiao Shu Ke@4编著 |
| 801 | @aCN@bTANGWEI@c20130605 | |
| 905 | @b0835969-73@dO632.1@e73=2@f5 | |
| 烯烃配位聚合理论与实践/焦书科编著.-2版.-北京:化学工业出版社,2013 |
| 331页:图;26cm |
| 研究生规划教材 |
| ISBN 978-7-122-12943-7:CNY48.00 |
| 本书以Ziegler-Natta催化剂的发现、发展和演进为主线,全面系统地论述了a-烯烃、二烯烃和环烯烃的配位聚合理论和聚合方法的发展和现状。 |
| ● |
| 相关链接 |
|
|
|
|
正题名:烯烃配位聚合理论与实践
索取号:O632.1/73=2
 
预约/预借
| 序号 | 登录号 | 条形码 | 馆藏地/架位号 | 状态 | 备注 |
| 1 | 0835969 | 208359694 | 第二样本阅览室/ [索取号:O632.1/73=2] | 在馆 | |
| 2 | 0835970 | 208359701 | 第三借阅区/ [索取号:O632.1/73=2] | 在馆 | |
| 3 | 0835971 | 208359710 | 第三借阅区/ [索取号:O632.1/73=2] | 在馆 | |
| 4 | 0835972 | 208359729 | 第三借阅区/ [索取号:O632.1/73=2] | 在馆 | |
| 5 | 0835973 | 208359738 | 第三借阅区/ [索取号:O632.1/73=2] | 在馆 |